[Event "Madrid-ch Previa-A"]
[Site "Madrid"]
[Date "2021.02.23"]
[Round "8"]
[White "Suhayl, Muminov"]
[Black "Torres Rebolledo, Marcos"]
[Result "1/2-1/2"]
[WhiteElo "1510"]
[BlackElo "1334"]
[PlyCount "76"]
[EventDate "2021.02.08"]
[EventType "swiss"]
[EventRounds "9"]
[EventCountry "ESP"]
[SourceTitle "EXT 2022"]
[Source "ChessBase"]
[SourceDate "2021.10.06"]
[SourceVersion "1"]
[SourceVersionDate "2021.10.06"]
[SourceQuality "1"]

1. d4 d5 2. Bf4 Nf6 3. e3 e6 4. Nd2 Be7 5. Ngf3 0-0 6. Bd3 b6 7. Ne5 Nbd7 8. c3 Bb7 9. Bg3 Ne4 10. f3 Nd6 11. 0-0 a5 12. Qc2 g6 13. f4 Nf5 14. Bf2 c5 15. Bb5 Nxe5 16. fxe5 Ba6 17. Bxa6 Rxa6 18. Nf3 c4 19. a4 Re8 20. e4 Ng7 21. Be3 dxe4 22. Qxe4 Nf5 23. Nd2 Qd5 24. Qxd5 exd5 25. Bf4 Raa8 26. g4 Ng7 27. Nb1 Ne6 28. Na3 Nc7 29. Rfb1 Ne6 30. Bd2 Rec8 31. b3 Rab8 32. bxc4 dxc4 33. Nc2 f6 34. Re1 Re8 35. Na3 Bxa3 36. Rxa3 fxe5 37. Rxe5 Nc7 38. Bf4 Rbc8 1/2-1/2